000 01415cam a22001934a 4500
005 20250605165244.0
008 250528s ||||||||||||||||||||||||d
035 _a23585
040 _aGR-AtMCL
_bgre
_dGR-AtMCL
_eAACR2
245 1 _aΟ Ρόλος των Μέσων Κοινωνικής Δικτύωσης στις Καταναλωτικές Συνήθειες/Μελέτη Περίπτωσης Facebook
260 _c2017
300 _a139
520 _aΠερίληψη, Abstract, Ευχαριστίες, Εισαγωγικό Κεφάλαιο, Εισαγωγή, Σκοπός και Σημασία της Έρευνας, Δομή Εργασίας, Βιβλιογραφική Ανασκόπηση, Ψηφιακή Εποχή, Μέσα Κοινωνικής Δικτύωσης, Facebook, Συμπεριφορά Καταναλωτή, Εμπειρική Μελέτη, Σχεδιασμός της Έρευνας, Μεθοδολογία Έρευνας, Ανάλυση Δεδομένων, Συμπεράσματα - Προτάσεις, Προσωπικός Αναστοχασμός, Βιβλιογραφία, Ελληνόφωνη Βιβλιογραφία, Ξενόγλωσση Βιβλιογραφία, Παράρτημα και Ανάλυση.
700 1 _aΒέντουρα Σουζάνα
_99172
700 1 _aΘεοδωρόπουλος Ανδρέας
_93878
942 _cDS
999 _c8586
_d8586